Normal view
MARC view
Entry Personal Name
001 - CONTROL NUMBER
- control field: 853
003 - CONTROL NUMBER IDENTIFIER
- control field: HDC
005 - DATE AND TIME OF LATEST TRANSACTION
- control field: 20230624073105.0
008 - FIXED-LENGTH DATA ELEMENTS
- fixed length control field: 201220|| aca||aabn | a|a d
040 ## - CATALOGING SOURCE
- Original cataloging agency: HDC
- Transcribing agency: HDC
100 ## - HEADING--PERSONAL NAME
- Personal name: J. Salim, S.A.
670 ## - SOURCE DATA FOUND
- Source citation: Work cat.: (HDC): S.F.M. Hashim, author 852, A Framework for Tracing the Flavouring Information to Accelerate Halal Certification /, [no year]
